00736nam a22002537a 4500003000500000005001700005008004100022010001000063011001000073035001000083040000900093082001600102111008100118245001600199260007200215300001100287490003000298650001800328650005900346700001600405700002100421830003000442852001000472CHAP20220329140738.0971013s1980 r 10010 d a56939 a57911 a62066 cCHAP a631.34bS9500aSymposium on Computers in Greenhouse Climate Control. (d1979c: Wageningen) aProceedings aThe Hague :bInternational Society for Horticultural Science,c1980 a209 p. aActa Horticulturaev; 10614aInvernaderos.14aProcesamiento automático de datos en climatología.0 aBot, G.P.A.0 aMulder, W. P. V.0 aActa Horticulturaev; 106 2yISSUE